000 00690nam a2200289Ia 4500
005 20260324131638.0
008 008 260324s9999 xx 000 0 eng d
020 _a9780203821701
037 _aEBOOK
040 _aCRL
040 _beng
040 _cCRL
041 _2eng
041 _aeng
084 _qCRL
100 _aNa Kahn-chae; Georgy Katsiaficas
_91186287
245 0 _aSouth Korean Democracy
245 0 _bLegacy of the Gwangju Uprising
260 _bTaylor and Francis
260 _c2006
365 _a
365 _b280
856 _uhttp://www.taylorfrancis.com/books/9780203821701
942 _cEBOOK
999 _c1783655
_d1783655